00930nam a2200241 i 4500003000900000005001700009007000300026008004100029040003000070082001300100110004300113245009700156264005700253300002800310336002700338337003300365338002800398590002700426910001400453942001400467952019000481999001700671DO-SdBNP20240523110137.0ta240523s1980 dr 000 0 spa d aDO-SdBNPbspacBNPHUerda bM935222 aMovimiento de unidad socialista98553910aSituación actual, unidad de la izquierda :by tareas del movimiento de unidad socialista / 1aSanto Domingo :bPoder popular,bAlfa y Omegac1980. a137 páginas ;c17 cm. 2rdacontentatextobtxt 2rdamediaasin mediaciónbn 2rdacarrieravolumenbnc aInventariado, 2024/ YL aYLockward 2ddccLBS1 00102ddc51708PDaBNPHUbBNPHUcCTd2023-03-01eDonación l0oBNPHU PD M935p2024-3116r2024-05-23w2024-05-23yLBS1zPerteneció a la biblioteca personal de Emilio Cordero Michel c56734d56734